Social Sciences in Asia and the Pacific

Saved in:
Bibliografiske detaljer
Institution som forfatter: UNESCO (Author)
Format: Bog
Sprog:engelsk
Udgivet: París United Nation Educational, Scientific and Cultural Organization 1984
Fag:
Tags: Tilføj Tag
Ingen Tags, Vær først til at tagge denne postø!

MARC

LEADER 00000nam a2200000 a 4500
001 UCW8573
003 CL-VaPUC
008 881004e19840000FR |||||||||||||||||eng|d
082 0 4 |a 301  |b UNE  |2 21 
110 2 |a UNESCO  |e author  |9 313785 
245 1 0 |a Social Sciences in Asia and the Pacific 
300 |a 621 p 
942 |c BK 
945 |d 19881004 00:00:00 
260 |a París  |b United Nation Educational, Scientific and Cultural Organization  |c 1984 
650 0 |a Ciencias sociales   |9 256351 
650 7 |a INVESTIGACIONES  |2 CL-VaPUC  |9 261211 
650 0 |a Métodos estadísticos   |9 259407 
650 0 |a Historia  |9 255047 
583 |a last modification  |c 19881004 00:00:00  |k Rodrigo Vera 
999 |c 220907  |d 220905 
952 |0 0  |1 0  |4 0  |6 301_000000000000000_UNE_1984  |7 0  |8 A  |9 213711  |a BIBHIS  |b BIBHIS  |d 2019-11-15  |i 2820226  |o 301 UNE 1984  |p 2820226  |r 2025-01-20  |w 2019-11-15  |y BK  |k HIS